名寄本線の駅 - Statistics

General Stats
  • This quiz has been taken 7 times
  • The average score is 20 of 40
Answer Stats
Hint Answer % Correct
本線 名寄
100%
西興部
71%
興部
71%
紋別
71%
中湧別
71%
上湧別
71%
湧別
71%
上名寄
57%
下川
57%
渚滑
57%
遠軽
57%
中名寄
43%
矢文
43%
岐阜橋
43%
二ノ橋
43%
幸成
43%
一ノ橋
43%
上興部
43%
中興部
43%
班渓
43%
宇津
43%
北興
43%
沙留
43%
富丘
43%
潮見町
43%
元紋別
43%
一本松
43%
小向
43%
弘道
43%
沼ノ上
43%
43%
川西
43%
北湧
43%
共進
43%
開盛
43%
北遠軽
43%
支線 四号線
43%
六興
29%
旭ヶ丘
29%
豊野
29%
No matching quizzes found
Score Distribution
Percent of People with Each Score
Percentile by Number Answered
Your Score History
You have not taken this quiz